000 00692nam a2200241Ia 4500
003 OSt
005 20221007081813.0
006 a|||||r|||| 00| 0
007 ta
008 221006b |||||||| |||| 00| 0 eng d
024 _a28,256
037 _cTextual
040 _aFLL
_cFLL
_beng
041 _2eng
_aeng
082 _aV2:5:Z2,81, L7
100 _aSharma Askhileshwar
_9698085
245 0 _aSupreme court of India as the guardian of fundamental rights
250 _a1st
260 _aPatna
_bManisha, Tilak Maidan Road, Muxaffarpur India
_c1977
300 _aii,96p
_ccm.
942 _hV2:5:Z2,81, L7
_cTEXL
_2CC
999 _c1164325
_d1164325